000 00847nam a2200229Ia 4500
001 21482
003 GE_BSU
008 181216s||||||||xx |||||||||||||| ||und||
040 _cGE_BSU
245 _aСоциальная педагогика. №6. 2016
245 _bпрактический журнал для социальных работников и педагогов
245 _cред.М.П. Гурьянова
260 _aМосква
260 _bНародное образование
260 _c2016
300 _a106 стр. 29см.
653 _aПериодика
653 _aпрактический журнал для социальных работников и педагогов
653 _aСоциальная педагогика. №6. 2016
653 _aპერიოდიკა
942 _cCR
999 _c54426
_d54426